|
|
|
|
| LEADER |
01386cas a2200241 a 4500 |
| 001 |
AALejournalIMF009685 |
| 008 |
230101c9999 xx r poo 0 0eng d |
| 020 |
|
|
|c 5.00 USD
|
| 020 |
|
|
|z 9781451868395
|
| 022 |
|
|
|a 1018-5941
|
| 040 |
|
|
|a BD-DhAAL
|c BD-DhAAL
|
| 100 |
1 |
|
|a Tchaidze, Robert.
|
| 245 |
1 |
0 |
|a Estimating Iceland's Real Equilibrium Exchange Rate /
|c Robert Tchaidze.
|
| 264 |
|
1 |
|a Washington, D.C. :
|b International Monetary Fund,
|c 2007.
|
| 300 |
|
|
|a 1 online resource (17 pages)
|
| 490 |
1 |
|
|a IMF Working Papers
|
| 500 |
|
|
|a <strong>Off-Campus Access:</strong> No User ID or Password Required
|
| 500 |
|
|
|a <strong>On-Campus Access:</strong> No User ID or Password Required
|
| 506 |
|
|
|a Electronic access restricted to authorized BRAC University faculty, staff and students
|
| 520 |
3 |
|
|a Given recent developments in Iceland, this paper evaluates its real exchange rate disequilibrium. It discusses three approaches to estimating the equilibrium values and suggests that the adjustment needed to bring the real exchange rate in line with fundamentals is in the range of 15-25 percent, although timing and manner of this adjustment is unclear.
|
| 538 |
|
|
|a Mode of access: Internet
|
| 830 |
|
0 |
|a IMF Working Papers; Working Paper ;
|v No. 2007/276
|
| 856 |
4 |
0 |
|z Full text available on IMF
|u http://elibrary.imf.org/view/journals/001/2007/276/001.2007.issue-276-en.xml
|z IMF e-Library
|